Premier League - Most games played together - Statistics

General Stats
  • This quiz has been taken 4,181 times
  • The average score is 22 of 40
Answer Stats
Games played together Team Answer % Correct
382 Liverpool Steven Gerrard
93%
268 Liverpool Steven Gerrard
93%
351 Chelsea Frank Lampard
89%
271 Chelsea Frank Lampard
89%
Ryan Giggs
87%
Ryan Giggs
87%
239 Manchester United Ryan Giggs
87%
Ryan Giggs
86%
358 Manchester United Paul Scholes
84%
301 Manchester United Paul Scholes
84%
John Terry
78%
277 Chelsea John Terry
78%
Jamie Carragher
71%
280 Liverpool Jamie Carragher
71%
242 Liverpool Jamie Carragher
71%
Gary Neville
68%
297 Manchester United Gary Neville
68%
Phil Neville
68%
Alan Shearer
60%
Petr Cech
57%
Petr Cech
57%
258 Manchester United Roy Keane
51%
Pepe Reina
39%
252 Everton Leighton Baines
38%
Tim Howard
37%
Tim Howard
37%
239 Everton Tim Howard
37%
243 Arsenal David Seaman
34%
Jussi Jääskeläinen
30%
West Ham Jussi Jääskeläinen
28%
Jussi Jääskeläinen
28%
300 Bolton and Kevin Nolan
28%
Sami Hyypiä
27%
Sami Hyypiä
27%
287 Bolton Kevin Davies
20%
Dennis Irwin
19%
Lee Dixon
19%
240 Newcastle Shay Given
19%
266 Everton Leon Osman
15%
240 Bolton Ricardo Gardner
3%
No matching quizzes found
Score Distribution
Percent of People with Each Score
Percentile by Number Answered
Your Score History
You have not taken this quiz